Manažment znalostí vo vybranom podniku bakalárska práca

Salvato in:
Dettagli Bibliografici
Autore principale: Töröková, Patrícia
Ente Autore: Podnikovohospodárska fakulta EU so sídlom v Košiciach. Katedra manažmentu
Altri autori: Jergová, Natália
Natura: Libro
Lingua:slovacco
Pubblicazione: Košice 2012
Tags: Aggiungi Tag
Nessun Tag, puoi essere il primo ad aggiungerne!!

MARC

LEADER 00000nbm a2200000 4500
001 0155655
005 20161109111907.4
041 0 |a slo 
044 |a SK 
245 1 0 |a Manažment znalostí vo vybranom podniku  |b bakalárska práca  |c Patrícia Töröková ; školiteľ: Natália Jergová 
264 1 |a Košice  |c 2012 
300 |a 52 s. 
100 1 |a Töröková, Patrícia 
700 1 |a Jergová, Natália 
710 2 |a Podnikovohospodárska fakulta EU so sídlom v Košiciach. Katedra manažmentu